MARC

Tag First Indicator Second Indicator Subfields
LEADER 00000cam a2200000Ii 4500
001 in00003909430
005 20190416171707.0
006 m o d
007 cr un|||||||||
008 130313s2012 caua ob 000 0 eng d
020 |a 9780833083166  |q (electronic bk.) 
020 |a 0833083163  |q (electronic bk.) 
020 |z 9780833058928  |q (pbk. ;  |q alk. paper) 
020 |z 0833058924  |q (pbk. ;  |q alk. paper) 
035 |a (OCoLC)ocn829952867 
035 |a (OCoLC)829952867 
037 |a 22573/ctt4cxfhq  |b JSTOR 
040 |a COD  |b eng  |e rda  |e pn  |c COD  |d OCLCQ  |d OCLCA  |d JSTOR  |d OCLCO  |d YDXCP  |d OCLCQ  |d COO  |d CUS  |d UtOrBLW 
043 |a n-us--- 
049 |a TXAM 
050 4 |a UA17.5.U5  |b P56 2012 
072 7 |a LAW054000  |2 bisacsh 
072 7 |a TEC025000  |2 bisacsh 
082 0 4 |a 331.12/8  |2 23 
088 |a TR-1005-A 
100 1 |a Pint, Ellen M.  |q (Ellen Marie),  |d 1960-  |0 http://id.loc.gov/authorities/names/n93106790 
245 1 0 |a Employer partnership program analysis of alternatives /  |c Ellen M. Pint, Amy Richardson, Bryan W. Hallmark, Scott Epstein, Albert L. Benson, Jr. 
264 1 |a Santa Monica, CA :  |b RAND Arroyo Center,  |c 2012. 
300 |a 1 online resource (xix, 64 pages) :  |b illustrations. 
336 |a text  |b txt  |2 rdacontent 
337 |a computer  |b c  |2 rdamedia 
338 |a online resource  |b cr  |2 rdacarrier 
490 1 |a Technical report ;  |v TR-1005-A 
500 |a "RAND Arroyo Center." 
500 |a "Prepared for the United States Army." 
504 |a Includes bibliographical references (pages 63-64). 
588 0 |a Print version record. 
610 1 0 |a United States.  |b Army Reserve  |x Personnel management. 
610 1 0 |a United States.  |b Army  |x Reserves  |x Personnel management. 
650 0 |a Manpower  |z United States.  |0 http://id.loc.gov/authorities/subjects/sh2008107331 
650 0 |a Soldiers  |x Education, Non-military  |z United States.  |0 http://id.loc.gov/authorities/subjects/sh2008112007 
650 0 |a Veterans  |x Employment  |z United States.  |0 http://id.loc.gov/authorities/subjects/sh2008113197 
650 0 |a Career development  |z United States.  |0 http://id.loc.gov/authorities/subjects/sh2008100125 
650 7 |a LAW  |x Labor & Employment.  |2 bisacsh 
655 7 |a Electronic books.  |2 local 
700 1 |a Richardson, Amy Frances,  |d 1967-  |0 http://id.loc.gov/authorities/names/nr97016761 
700 1 |a Hallmark, Bryan W.,  |d 1963-  |0 http://id.loc.gov/authorities/names/n97051617 
700 1 |a Epstein, Scott.  |0 http://id.loc.gov/authorities/names/no2010163639 
700 1 |a Benson, Albert L.,  |c Jr.  |0 http://id.loc.gov/authorities/names/n2012070239 
710 1 |a United States.  |b Army.  |0 http://id.loc.gov/authorities/names/n79063202 
710 2 |a Arroyo Center.  |0 http://id.loc.gov/authorities/names/n93002955 
710 2 |a JSTOR (Organization)  |0 http://id.loc.gov/authorities/names/no97001983 
776 0 8 |i Print version:  |a Pint, Ellen M. (Ellen Marie), 1960-  |t Employer partnership program analysis of alternatives  |z 9780833058928  |w (DLC) 2012044815  |w (OCoLC)816499183 
830 0 |a Technical report (Rand Corporation) ;  |v TR-1005-A.  |0 http://id.loc.gov/authorities/names/n2005069635 
856 4 0 |u http://proxy.library.tamu.edu/login?url=http://www.jstor.org/stable/10.7249/j.ctt5hhvrc  |z Connect to the full text of this electronic book  |t 0 
999 f f |s b0a1a5da-bca5-33bc-90bf-0abb433f2c54  |i 1d692a3e-e0b8-31c1-ba66-6226730d8e40  |t 0 
952 f f |a Texas A&M University  |b College Station  |c Electronic Resources  |d Available Online  |t 0  |e UA17.5.U5 P56 2012  |h Library of Congress classification 
998 f f |a UA17.5.U5 P56 2012  |t 0  |l Available Online